Archivmaterialien zu Jacques Lemaire, 1946-

Gespeichert in:  
Bibliographische Detailangaben
1. VerfasserIn: Lemaire, Jacques 1946- (Verfasst von)
Medienart: Elektronisch Archivmaterial
Sprache:Deutsch
In:Jahr: 2019
Online-Zugang: Archivdatenbank (Kalliope Verbundkatalog)
Verfügbarkeit prüfen: HBZ Gateway

MARC

LEADER 00000npc a22000002 4500
001 LR132791676
003 PipeLineGenerated
005 20260508112529.0
008 190606s2019 xx ||||| 00| ||ger c
100 |a Lemaire, Jacques  |0 (DE-588)132791676  |0 (DE-627)526971436  |d 1946- 
245 |a Archivmaterialien zu Jacques Lemaire, 1946- 
856 |u https://kalliope-verbund.info/gnd/132791676  |3 Archivdatenbank (Kalliope Verbundkatalog) 
ELC |a 1